Bilderrätsel: Bands international 2 - Statistiken

Allgemein
  • Dieses Quiz wurde 213 mal gespielt
    171 seit der letzten Aktualisierung
  • Das Durchschnittsergebnis liegt bei 11 aus 24
Antwortstatistiken
Bildquiz Antwort % Korrekt
The Police
91%
Twenty One Pilots
81%
Queen
79%
Rolling Stones
73%
The Byrds
72%
Eagles
67%
The Animals
66%
T. Rex
65%
The Smashing Pumpkins
62%
Deep Purple
56%
Earth, Wind & Fire
53%
Oasis
51%
Thirty Seconds to Mars
43%
The Beach Boys
41%
AC/DC
29%
Fall Out Boy
29%
Rage Against The Machine
28%
Spandau Ballet
27%
Chicago
25%
Electric Light Orchestra
25%
The Mamas & the Papas
18%
Coldplay
11%
Genesis
5%
R.E.M.
5%
Keine übereinstimmenden Quizze gefunden
Verteilung der Resultate
Anzahl Personen mit jedem Resultat
Perzentil nach korrekt beantworteten Fragen
Ihre Resultats-Entwicklung
Sie haben dieses Quiz seit der letzten Aktualisierung nicht gespielt